000 nam a22 4500
999 _c13928
_d13926
008 000
020 _a0 452 25774 3
082 _aCS
245 _aFour Early Novels
_cKing, Stephen
260 _aNew York
_bNew American Library
_c1985
300 _a23cm
942 _2ddc
_cCIRC